| 000 | 00490 a2200193 4500 | ||
|---|---|---|---|
| 005 | 20260415114616.0 | ||
| 008 | 260415b |||||||| |||| 00| 0 eng d | ||
| 020 |
_a9788198845795 _cRs. 4995.00 |
||
| 040 | _aMAIN | ||
| 082 |
_a581.63 _bS97E |
||
| 100 | _aSturtevant, Edward Lewis | ||
| 245 | _aEdible plants of the world | ||
| 260 |
_bAcademic Press _c2026 _aNew Delhi |
||
| 300 | _avii, 561 | ||
| 650 | _aBotany | ||
| 650 | _aUseful Plants | ||
| 650 | _aFood Plants | ||
| 942 | _cBK | ||
| 999 |
_c396063 _d396063 |
||